Art of the Third Reich /
Saved in:
| Hovedforfatter: | |
|---|---|
| Format: | Bog |
| Sprog: | engelsk |
| Udgivet: |
New York :
H.N Abrams,
1992
|
| Tags: |
Ingen Tags, Vær først til at tagge denne postø!
|
MARC
| LEADER | 00000nam a22000007i 4500 | ||
|---|---|---|---|
| 001 | IT\ICCU\UBO\3412288 | ||
| 003 | ItRI | ||
| 005 | 20260115231823.0 | ||
| 008 | 080418s1992 xxu|||||| ||||| |||||c | ||
| 020 | |a 0810919125 | ||
| 040 | |b ita |c importazione bologna sebina | ||
| 041 | 7 | |a eng |2 ISO-639-2 | |
| 100 | 1 | |a Adam, Peter |0 IT\ICCU\VEAV\031853 |4 aut | |
| 240 | 1 | 0 | |a Art of the Third Reicht. |3 IT\ICCU\RMB\0579467 |9 Adam, Peter |
| 245 | 1 | 0 | |a Art of the Third Reich / |c Peter Adam. |
| 260 | |a New York : |b H.N Abrams, |c 1992 | ||
| 300 | |a 332 p. : |b ill. ; |c 27 cm. | ||
| 942 | |2 ddc |c BK |n 0 | ||
| 952 | |0 0 |1 0 |4 0 |6 DOC_709_430000000000000_ADA |7 0 |9 13498 |a BO |b BO |d 2026-01-15 |i 3431 |l 0 |o DOC 709.43 ADA |p BO3431 |r 2026-01-15 23:18:23 |w 2026-01-15 |x [Sebina 7] [1 v.] |y BK |z 1 v. | ||
| 999 | |c 11601 |d 11601 | ||